00742nam a2200205Ia 4500003000900000008004100009040001600050080002200066110003300088245011800121260005000239300000800289500002700297650003100324650001900355650002000374942000700394999001500401952012000416IN-BaIIA211028s9999 xx 000 0 eng d cIIA Library a083.7:621.95bISI aIndian Standards Institution 0aIndian standard specification for jig bushesbpt. 1, headed and headless jig bushescIndian Standards Institution aNew DelhibIndian Standards Institutionc1972 a3p. aIS 666 : Part 1 : 1972 aJig Bushes-Standards99275 aNASA Thesaurus aStandards98876 cBK c5290d5290 00104070aBANbBANcGENd1976-12-28g6.00l0o083.7:621.95/ ISIp5898r2021-11-05v6.00w1976-12-28yBKGRs. 6.00